000 00597nam a2200205 a 4500
001 BRL_839
005 20190320210923.0
008 161013s1945----gw-a######---#000-0#ger-#
041 _ager
044 _agw
050 4 _aN7141
_b.M49 1945
100 1 _aMeyer, Peter
_917855
245 1 0 _aKunst in der Schweiz
_bvon den Anfängen bis zur Gegenwart
_cPeter Meyer.
260 _aZurich
_bSchweizerischen Zentrale für Verkehrsförderung
_c[1945?]
300 _a105 p.
_bil. (algunas a color)
_c18 cm.
500 _aAu977
650 1 4 _aArte
_xHistoria
_zSuiza
_925099
902 _aGRL
942 _2lcc
_cB
999 _c9651
_d9651